000 00531cam a2200205ua 4500
005 20260515114738.0
008 190916n ii |||gr||||Z||||||eng
020 _a9788184000139
040 _cMAIN
_aIN-DiNC
041 _deng
082 _a823.954
_bDES
100 _a Desai, Anita
_eauthor
245 _aIn custody/
_cBy Anita Desai
260 _aGurgaon:
_bPenguine books,
_c2007.
300 _a233p.
650 _aIndian novel in English
653 _aEnglish fiction
653 _aIndian English Novel
942 _cBK
_2ddc
999 _c10198
_d10198